[Event "20th Trieste Open 2018"]
[Site "Trieste ITA"]
[Date "2018.09.06"]
[EventDate "?"]
[Round "7.10"]
[Result "0-1"]
[White "Reinaert Verstraeten"]
[Black "D Gukesh"]
[WhiteElo "2356"]
[BlackElo "2453"]
[PlyCount "92"]

1. Nf3 Nf6 2. b3 g6 3. Bb2 Bg7 4. g3 O-O 5. Bg2 d6 6. d4 Nbd7 7. O-O Re8 8. c4 c6 9. e3 Qc7 10. Nc3 e5 11. Rc1 a6 12. b4 Nb6 13. Qb3 exd4 14. Nxd4 c5 15. bxc5 dxc5 16. Nde2 Be6 17. Nd5 Nbxd5 18. cxd5 Nxd5 19. Nd4 Rad8 20. Nxe6 fxe6 21. Bxg7 Kxg7 22. a4 Rc8 23. Bxd5 exd5 24. Qxd5 b5 25. Rfd1 Rcd8 26. Qb3 Qc6 27. axb5 axb5 28. Qc3+ Kg8 29. h4 c4 30. Qa5 Rxd1+ 31. Rxd1 c3 32. Rc1 Rc8 33. h5 c2 34. h6 Kf7 35. Qa7+ Rc7 36. Qd4 Qc4 37. Qh8 Ke6 38. e4 b4 39. Qe8+ Kd6 40. e5+ Kc5 41. Qb8 Kd4 42. e6 Kc3 43. Qh8+ Kd2 44. Ra1 c1=Q+ 45. Rxc1 Qxc1+ 46. Kh2 Qc5 0-1

[Event "20th Trieste Open 2018"]
[Site "Trieste ITA"]
[Date "2018.09.07"]
[EventDate "?"]
[Round "8.4"]
[Result "1-0"]
[White "D Gukesh"]
[Black "Andreas Diermair"]
[WhiteElo "2453"]
[BlackElo "2501"]
[PlyCount "106"]

1. Nf3 d5 2. g3 Nf6 3. Bg2 e6 4. O-O c5 5. d3 Nc6 6. Nbd2 Be7 7. e4 b6 8. Re1 Bb7 9. c3 Qc7 10. a3 dxe4 11. dxe4 O-O 12. Nc4 Rad8 13. Qb3 Qc8 14. e5 Ne8 15. Bg5 h6 16. Bxe7 Nxe7 17. Rad1 Bd5 18. Qa4 Qb8 19. Ne3 b5 20. Nxd5 Nxd5 21. Qh4 Nec7 22. Nd2 Na8 23. Ne4 Qxe5 24. Nxc5 Qc7 25. Na6 Qc8 26. Nb4 Nab6 27. Nxd5 exd5 28. Rd4 Qf5 29. Be4 Qd7 30. Red1 Qe6 31. Qh5 f5 32. Bg2 Rd7 33. Qf3 a6 34. Qd3 Rfd8 35. Kf1 Kh8 36. Bh3 Rf8 37. Bg2 Rfd8 38. Bh3 Rf7 39. Re1 Qd6 40. Bxf5 Qf8 41. g4 g6 42. Bxg6 Rxf2+ 43. Kg1 Rxb2 44. Rf1 Qd6 45. Rdf4 Nd7 46. Qd4+ Qe5 47. Rf5 Qxd4+ 48. cxd4 Nb6 49. Rf6 Nc4 50. Bd3 h5 51. Rh6+ Kg7 52. Rg6+ Kh8 53. Rf5 1-0

[Event "20th Trieste Open 2018"]
[Site "Trieste ITA"]
[Date "2018.09.08"]
[EventDate "?"]
[Round "9.2"]
[Result "1-0"]
[White "Vladimir Burmakin"]
[Black "D Gukesh"]
[WhiteElo "2504"]
[BlackElo "2453"]
[PlyCount "102"]

1. Nf3 Nf6 2. g3 g6 3. Bg2 Bg7 4. d4 O-O 5. O-O d6 6. c4 Nbd7 7. Nc3 e5 8. Qc2 Re8 9. dxe5 dxe5 10. Rd1 c6 11. Ng5 Qe7 12. Nge4 Nc5 13. Nd6 Rd8 14. Nxc8 Raxc8 15. Be3 a6 16. Bh3 Ne6 17. Qb3 Re8 18. c5 Rb8 19. Qc4 Rbd8 20. Rxd8 Rxd8 21. Bxe6 Qxe6 22. Qxe6 fxe6 23. Bg5 Rd4 24. Bxf6 Bxf6 25. b3 e4 26. Rc1 e3 27. fxe3 Rd7 28. Ne4 Be7 29. b4 e5 30. Kf2 Kf7 31. Rc2 Ke6 32. Nd2 Rd8 33. Nb3 Bg5 34. Rc3 e4 35. Na5 Rd7 36. Nc4 Be7 37. Ke1 Kf5 38. h3 h5 39. Rc2 Rd5 40. Na5 Rd7 41. Rd2 Rxd2 42. Kxd2 g5 43. Nxb7 Ke6 44. g4 hxg4 45. hxg4 Kd5 46. Kc3 Bf6+ 47. Kb3 Be5 48. Nd6 a5 49. bxa5 Kxc5 50. a6 Kb6 51. Nc4+ 1-0

[Event "5th Capablanca Mem GM"]
[Site "Anogia GRE"]
[Date "2018.09.11"]
[EventDate "?"]
[Round "1.3"]
[Result "1/2-1/2"]
[White "Tom Rydstrom"]
[Black "D Gukesh"]
[WhiteElo "2310"]
[BlackElo "2453"]
[PlyCount "74"]

1. e4 c5 2. Nf3 d6 3. Nc3 Nf6 4. d4 cxd4 5. Nxd4 a6 6. Bg5 Nbd7 7. Qf3 Qa5 8. Bd2 Qb6 9. Nb3 g6 10. Be2 Bg7 11. O-O O-O 12. a4 Qc7 13. a5 Ne5 14. Qe3 Nc4 15. Bxc4 Qxc4 16. h3 Bd7 17. Rfe1 Rac8 18. Qd3 Qxd3 19. cxd3 Be6 20. Nd4 Nd7 21. Be3 Nc5 22. Nxe6 fxe6 23. Red1 Nb3 24. Ra3 Nd4 25. Rd2 Rc6 26. Kf1 Rfc8 27. f3 Kf7 28. Kf2 Rc5 29. Ra4 Nb3 30. Bxc5 Nxd2 31. Be3 Nb3 32. d4 e5 33. d5 Nd4 34. Rb4 Rc7 35. Rb6 Ke8 36. Ke1 Kd7 37. Kd2 h6 1/2-1/2

[Event "5th Capablanca Mem GM"]
[Site "Anogia GRE"]
[Date "2018.09.12"]
[EventDate "?"]
[Round "2.3"]
[Result "1/2-1/2"]
[White "D Gukesh"]
[Black "Alberto David"]
[WhiteElo "2453"]
[BlackElo "2549"]
[PlyCount "82"]

1. Nf3 Nf6 2. g3 d5 3. Bg2 c6 4. O-O Bf5 5. d3 h6 6. c4 e6 7. cxd5 exd5 8. Nc3 Bc5 9. Qb3 Bc8 10. e4 O-O 11. Bf4 Bb6 12. Qc2 Na6 13. Na4 Bg4 14. Nxb6 axb6 15. h3 Nb4 16. Qb3 Bxf3 17. Bxf3 dxe4 18. dxe4 Qd3 19. Rad1 Qxb3 20. axb3 Rfe8 21. Bd6 Na6 22. Rfe1 Nc5 23. e5 Nfd7 24. b4 Na4 25. Re2 b5 26. Rd3 Nab6 27. b3 Nf8 28. Bc7 Ra1+ 29. Kg2 Na8 30. Bd6 Nb6 31. Bg4 Nd5 32. Bf3 Nb6 33. Bc5 Nbd7 34. Bd4 Raa8 35. Bg4 Rad8 36. Rde3 Ne6 37. Bc3 Nb6 38. Be1 Nd5 39. Re4 Ng5 40. Rd4 Ne6 41. Rde4 Ng5 1/2-1/2

[Event "5th Capablanca Mem GM"]
[Site "Anogia GRE"]
[Date "2018.09.13"]
[EventDate "?"]
[Round "3.4"]
[Result "1/2-1/2"]
[White "Anand Nadar"]
[Black "D Gukesh"]
[WhiteElo "2394"]
[BlackElo "2453"]
[PlyCount "144"]

1. d4 Nf6 2. c4 g6 3. g3 Bg7 4. Bg2 O-O 5. Nf3 d6 6. O-O Nbd7 7. Nc3 e5 8. e4 exd4 9. Nxd4 Re8 10. Re1 Nc5 11. h3 Bd7 12. Rb1 Qc8 13. Kh2 a6 14. b4 Ne6 15. Nde2 a5 16. a3 axb4 17. axb4 Nd8 18. f4 Be6 19. c5 dxc5 20. bxc5 Nc6 21. Be3 Bf5 22. exf5 Rxe3 23. Qd2 Qe8 24. fxg6 hxg6 25. Ng1 Rxe1 26. Rxe1 Qf8 27. Qb2 Rb8 28. Qb5 Nh5 29. Ne4 Nd4 30. Qc4 b5 31. cxb6 cxb6 32. Nf3 Rc8 33. Qd3 Nf5 34. Rb1 Rd8 35. Qb3 Qe7 36. Qxb6 Rc8 37. Re1 Rc2 38. Qb8+ Qf8 39. Qxf8+ Bxf8 40. Nfg5 Nfxg3 41. Nf6+ Nxf6 42. Kxg3 Nh5+ 43. Kf3 Bd6 44. Ne4 Bxf4 45. Re2 Rc4 46. Kf2 Bc7 47. Rb2 Nf4 48. Nf6+ Kg7 49. Bf1 Nxh3+ 50. Bxh3 Kxf6 51. Ra2 Rc3 52. Bd7 Rc5 53. Ra6+ Ke7 54. Bg4 Bd6 55. Ra7+ Kf6 56. Rd7 Be7 57. Bf3 Ke6 58. Rb7 f5 59. Bd1 Rc3 60. Bb3+ Kf6 61. Kg2 Bc5 62. Bd5 Kg5 63. Rb3 Rc2+ 64. Kf3 Kh4 65. Kf4 Bd6+ 66. Ke3 g5 67. Be6 Rc5 68. Bd7 g4 69. Rb5 Rxb5 70. Bxb5 Bc5+ 71. Kf4 g3 72. Bc6 1/2-1/2

[Event "5th Capablanca Mem GM"]
[Site "Anogia GRE"]
[Date "2018.09.14"]
[EventDate "?"]
[Round "4.2"]
[Result "1-0"]
[White "D Gukesh"]
[Black "Konstantinos Anagnostopoulos"]
[WhiteElo "2453"]
[BlackElo "2319"]
[PlyCount "102"]

1. Nf3 Nf6 2. g3 g6 3. Bg2 Bg7 4. O-O O-O 5. d4 d5 6. c4 Nc6 7. Na3 e6 8. Bf4 Ne4 9. Qc1 Nxd4 10. Nxd4 Bxd4 11. Nb5 Bb6 12. cxd5 Nd6 13. Nxd6 cxd6 14. Bg5 Qd7 15. Bf6 Bd8 16. dxe6 Qxe6 17. Bc3 Bf6 18. e3 Bxc3 19. Qxc3 Qe5 20. Qa3 a6 21. Rfd1 Rd8 22. Rd4 Rb8 23. Rad1 Be6 24. b3 a5 25. Bd5 b6 26. Bxe6 Qxe6 27. Rxd6 Rxd6 28. Qxd6 Qxd6 29. Rxd6 h5 30. Kf1 Kf8 31. Ke2 Ke7 32. Rd4 b5 33. Kd2 Ke6 34. e4 h4 35. Rd5 h3 36. g4 a4 37. b4 Rb6 38. Rd3 Rc6 39. Rxh3 Rc4 40. a3 Ke5 41. Rc3 Rd4+ 42. Rd3 Rxe4 43. Re3 g5 44. Kd3 Rxe3+ 45. Kxe3 Kd5 46. f4 f6 47. Kf3 Kc4 48. fxg5 fxg5 49. h4 gxh4 50. g5 Kb3 51. g6 1-0

[Event "5th Capablanca Mem GM"]
[Site "Anogia GRE"]
[Date "2018.09.15"]
[EventDate "?"]
[Round "5.5"]
[Result "1-0"]
[White "Georgios Mitsis"]
[Black "D Gukesh"]
[WhiteElo "2322"]
[BlackElo "2453"]
[PlyCount "136"]

1. d4 Nf6 2. Nf3 g6 3. c4 Bg7 4. Nc3 O-O 5. e4 d6 6. Be2 e5 7. Be3 Nc6 8. O-O Ng4 9. Bg5 f6 10. Bh4 h5 11. Bg3 Nh6 12. dxe5 dxe5 13. Qxd8 Nxd8 14. Nd5 Ne6 15. Rfd1 Kf7 16. b4 c6 17. Ne3 Nf4 18. Bf1 g5 19. h4 g4 20. Nd2 Be6 21. c5 b5 22. Nb3 Rfc8 23. Na5 Rc7 24. a4 bxa4 25. Rd6 Bd7 26. Rxa4 Bf8 27. Rd1 Be8 28. Nec4 Ne6 29. Nd6+ Ke7 30. Bc4 Bd7 31. Nb3 Nd8 32. f4 gxf3 33. gxf3 Ne6 34. Rd2 Kd8 35. Bf2 Ke7 36. Be3 Nf7 37. Kf2 Ned8 38. f4 Be6 39. f5 Bxc4 40. Nxc4 Ke8 41. Rda2 Rb8 42. Bd2 Rbb7 43. Ke2 Be7 44. Ra1 Rd7 45. Ra6 Rbc7 46. Rg1 Bf8 47. Rg6 Ke7 48. Nca5 Nh8 49. Rg8 Nhf7 50. b5 Rc8 51. Nxc6+ Nxc6 52. bxc6 Rdc7 53. Ba5 Rxc6 54. Rxa7+ Ke8 55. Bb6 Nh6 56. Rh8 Nf7 57. Rh7 Nd8 58. Rxh5 Rb8 59. Rh8 Nf7 60. Rh7 Nd8 61. h5 Rbxb6 62. cxb6 Rxb6 63. Nd2 Rb2 64. Kd3 Nc6 65. Ra8+ Nd8 66. Rh8 Rb4 67. Rxd8+ Kxd8 68. Rxf8+ 1-0

[Event "5th Capablanca Mem GM"]
[Site "Anogia GRE"]
[Date "2018.09.16"]
[EventDate "?"]
[Round "6.1"]
[Result "1-0"]
[White "Daniel Howard Fernandez"]
[Black "D Gukesh"]
[WhiteElo "2472"]
[BlackElo "2453"]
[PlyCount "134"]

1. e4 c5 2. Nf3 d6 3. d4 cxd4 4. Qxd4 Nf6 5. e5 Nc6 6. Bb5 Qa5+ 7. Nc3 Qxb5 8. Nxb5 Nxd4 9. Nbxd4 dxe5 10. Nxe5 Nd5 11. c4 Nc7 12. f4 f6 13. Nef3 e6 14. a4 b6 15. Be3 Bb7 16. Ke2 Bd6 17. a5 Ke7 18. Rhc1 Bc5 19. Nb5 Na6 20. Ne1 Rhd8 21. Rc3 Nb4 22. g4 Rd7 23. axb6 axb6 24. Rxa8 Bxa8 25. Ra3 Bc6 26. Bd2 Bxb5 27. cxb5 Nd5 28. Rh3 h6 29. Nd3 Bd6 30. g5 hxg5 31. fxg5 e5 32. gxf6+ gxf6 33. Rh8 Ke6 34. h4 Rg7 35. Nf2 f5 36. h5 Nf6 37. Be3 Rb7 38. Bg5 Nh7 39. Bd8 Rb8 40. h6 Be7 41. Rxh7 Rxd8 42. Nd1 e4 43. Nf2 Rg8 44. b3 Kf6 45. Nh3 Rg4 46. Kf1 Rg3 47. Nf2 Bc5 48. Rc7 Bxf2 49. Kxf2 Rxb3 50. Kg2 Rd3 51. h7 Rd8 52. Kg3 Ke5 53. Re7+ Kf6 54. Rb7 Ke5 55. Rxb6 f4+ 56. Kf2 f3 57. Rh6 Rh8 58. Ke3 Kf5 59. b6 Kg5 60. Rh2 Kg6 61. b7 Kg7 62. Kxe4 f2 63. Rxf2 Rb8 64. Rg2+ Kxh7 65. Rb2 Kg7 66. Ke5 Kf7 67. Ke4 1-0

[Event "5th Capablanca Mem GM"]
[Site "Anogia GRE"]
[Date "2018.09.17"]
[EventDate "?"]
[Round "7.5"]
[Result "1/2-1/2"]
[White "D Gukesh"]
[Black "Belurkar Nitish"]
[WhiteElo "2453"]
[BlackElo "2316"]
[PlyCount "160"]

1. Nf3 Nf6 2. g3 g6 3. Bg2 Bg7 4. O-O O-O 5. d4 d6 6. Re1 Nc6 7. d5 Nb8 8. e4 e5 9. c4 Nbd7 10. Nc3 a5 11. b3 Nc5 12. a3 Bd7 13. Bb2 a4 14. b4 Nb3 15. Rb1 Bh6 16. h3 Nh5 17. c5 Qe7 18. c6 bxc6 19. Nxa4 cxd5 20. Nc3 dxe4 21. Rxe4 Be6 22. Nxe5 dxe5 23. Rxe5 Bg7 24. Nd5 Qd8 25. Rxh5 Bxb2 26. Rh4 Bg7 27. Rxb3 c6 28. Rd3 cxd5 29. Bxd5 Bxd5 30. Rxd5 Qf6 31. a4 Rfe8 32. a5 Qc3 33. Qd3 Rab8 34. Qxc3 Bxc3 35. Rc4 Bxb4 36. a6 Re7 37. Rd3 Ba5 38. Ra3 Bb6 39. Ra2 Ba7 40. Kg2 Kg7 41. Rc6 h5 42. h4 Rd7 43. Rc4 Rbd8 44. Rcc2 Rd6 45. Rcb2 R8d7 46. Rc2 Kf6 47. Re2 Bb6 48. Reb2 Ra7 49. Rb4 Bd8 50. Rba4 Ke6 51. Re4+ Kd7 52. Rf4 Kc6 53. Rxf7 Rxf7 54. a7 Rxa7 55. Rxa7 Kd5 56. Rf7 Ke6 57. Rf3 Bb6 58. Rb3 Bc5 59. Rc3 Bd4 60. Rc2 Kd5 61. Re2 Re6 62. Ra2 Kc4 63. Ra4+ Kd3 64. Ra3+ Ke2 65. Ra4 Kd3 66. Ra3+ Ke4 67. Ra2 Rf6 68. Re2+ Kd3 69. Ra2 Rb6 70. Ra8 Rb2 71. Rf8 Ke2 72. Re8+ Kd1 73. Rf8 Ke1 74. Re8+ Re2 75. Rxe2+ Kxe2 76. g4 hxg4 77. Kg3 Bxf2+ 78. Kxg4 Bxh4 79. Kxh4 g5+ 80. Kxg5 1/2-1/2

[Event "5th Capablanca Mem GM"]
[Site "Anogia GRE"]
[Date "2018.09.18"]
[EventDate "?"]
[Round "8.2"]
[Result "0-1"]
[White "Theo Gungl"]
[Black "D Gukesh"]
[WhiteElo "2331"]
[BlackElo "2453"]
[PlyCount "80"]

1. e4 c5 2. Nf3 d6 3. d4 cxd4 4. Nxd4 Nf6 5. Nc3 a6 6. Bg5 Nbd7 7. Qe2 e6 8. f4 Be7 9. O-O-O Qc7 10. g4 h6 11. Bxf6 Bxf6 12. h4 Nb6 13. Bg2 Bd7 14. Qd3 Qc4 15. g5 Qxd3 16. Rxd3 Be7 17. Nf3 hxg5 18. hxg5 Rxh1+ 19. Bxh1 O-O-O 20. Bg2 Rh8 21. e5 d5 22. Ne2 Na4 23. Ned4 b5 24. Rd1 Nc5 25. Rh1 Rxh1+ 26. Bxh1 Ne4 27. Bg2 Bc5 28. Bh3 g6 29. Bf1 Ng3 30. Bd3 Nh5 31. Kd2 Nxf4 32. Ke3 Nh5 33. Kd2 Kb7 34. Ke3 b4 35. b3 Bb5 36. Kd2 Bxd3 37. cxd3 Nf4 38. Ne2 Nh3 39. d4 Be7 40. Ke3 Nxg5 0-1

[Event "5th Capablanca Mem GM"]
[Site "Anogia GRE"]
[Date "2018.09.19"]
[EventDate "?"]
[Round "9.4"]
[Result "1-0"]
[White "D Gukesh"]
[Black "Aleksandr Karpatchev"]
[WhiteElo "2453"]
[BlackElo "2433"]
[PlyCount "94"]

1. Nf3 d5 2. g3 Nc6 3. d4 Bf5 4. Bg2 Nb4 5. Na3 e6 6. O-O Be7 7. c3 Nc6 8. Qb3 Rb8 9. Ne5 Nxe5 10. dxe5 b5 11. e4 Bxe4 12. Bxe4 dxe4 13. Rd1 Qc8 14. Nxb5 a6 15. Na7 Rxb3 16. Nxc8 Rb5 17. Rd4 Bc5 18. Rc4 Kd7 19. a4 Rb3 20. Rxc5 Kxc8 21. Rc4 Ne7 22. Rxe4 Nc6 23. Kf1 Rd8 24. Ke2 Rd5 25. f4 h5 26. Re3 g6 27. Rd3 Kd7 28. Kd2 Na5 29. Kc2 c5 30. Rxd5+ exd5 31. Be3 c4 32. h3 Rb8 33. Rf1 Ke6 34. g4 hxg4 35. hxg4 Rh8 36. f5+ gxf5 37. gxf5+ Kd7 38. e6+ Ke8 39. f6 Nc6 40. Rf5 Rh2+ 41. Kd1 Rh1+ 42. Ke2 Rh2+ 43. Kf3 Rh3+ 44. Kf2 d4 45. cxd4 fxe6 46. f7+ Kf8 47. Rf6 1-0

[Event "17th Delhi Open 2019"]
[Site "New Delhi IND"]
[Date "2019.01.09"]
[EventDate "?"]
[Round "1.22"]
[Result "1-0"]
[White "D Gukesh"]
[Black "Mounika Akshaya Bommini"]
[WhiteElo "2497"]
[BlackElo "1931"]
[PlyCount "60"]

1. Nf3 d5 2. g3 Bg4 3. Bg2 Nd7 4. c4 e6 5. d4 c6 6. O-O Ngf6 7. h3 Bh5 8. cxd5 exd5 9. Qb3 Nb6 10. Nh4 Be7 11. a4 Qd7 12. a5 Nc8 13. Nc3 O-O 14. g4 Bg6 15. Nxg6 hxg6 16. e4 Nxe4 17. Nxe4 dxe4 18. Bxe4 Kh8 19. d5 Nd6 20. dxc6 bxc6 21. Bg2 f5 22. Ra4 Rab8 23. Qa2 c5 24. Rd1 g5 25. Ra3 f4 26. Rad3 Rf6 27. Qd5 Rb5 28. Qxg5 Rxa5 29. Bxf4 Ra4 30. Qh5+ 1-0

[Event "17th Delhi Open 2019"]
[Site "New Delhi IND"]
[Date "2019.01.10"]
[EventDate "?"]
[Round "3.16"]
[Result "1-0"]
[White "D Gukesh"]
[Black "Mehdi Hasan"]
[WhiteElo "2497"]
[BlackElo "2260"]
[PlyCount "62"]

1. Nf3 Nf6 2. g3 d5 3. Bg2 e6 4. O-O Be7 5. d4 O-O 6. b3 c5 7. Bb2 Nc6 8. dxc5 Bxc5 9. c4 d4 10. b4 Bxb4 11. Nxd4 Nxd4 12. Bxd4 Qc7 13. Qb3 Bc5 14. Bxf6 gxf6 15. Nc3 Rb8 16. Rfd1 b6 17. Qa4 a5 18. Rd3 Qe5 19. Rad1 Bb7 20. Bxb7 Rxb7 21. e3 Rc7 22. Qb3 Kg7 23. Ne2 Rfc8 24. Nf4 f5 25. Rd7 Bb4 26. c5 Rc6 27. cxb6 Rxb6 28. Qa4 Rbc6 29. a3 Bc3 30. Nh5+ Kf8 31. Qxc6 1-0

[Event "17th Delhi Open 2019"]
[Site "New Delhi IND"]
[Date "2019.01.10"]
[EventDate "?"]
[Round "2.21"]
[Result "0-1"]
[White "Magizhnan Nikhil"]
[Black "D Gukesh"]
[WhiteElo "2148"]
[BlackElo "2497"]
[PlyCount "56"]

1. e4 c5 2. Nf3 Nc6 3. c3 Nf6 4. e5 Nd5 5. d4 cxd4 6. Bc4 e6 7. Bxd5 exd5 8. O-O d6 9. Bg5 Qb6 10. exd6 Bxd6 11. Re1+ Be6 12. Nxd4 Nxd4 13. Qxd4 Qxb2 14. Qxg7 Kd7 15. Nd2 Rhg8 16. Qh6 Qxc3 17. Nf3 Rg6 18. Qh4 h6 19. Rec1 Qa3 20. Be3 Rag8 21. Ne1 Rg4 22. Qh5 Qa4 23. g3 Qe4 24. Ng2 d4 25. Qb5+ Kd8 26. Bxd4 Qxd4 27. Rd1 R8g5 28. Qxg5+ hxg5 0-1

[Event "17th Delhi Open 2019"]
[Site "New Delhi IND"]
[Date "2019.01.11"]
[EventDate "?"]
[Round "4.1"]
[Result "1/2-1/2"]
[White "D Gukesh"]
[Black "Alexandr Predke"]
[WhiteElo "2497"]
[BlackElo "2620"]
[PlyCount "60"]

1. Nf3 d5 2. g3 Nc6 3. d4 Bg4 4. Bg2 Qd7 5. O-O Bh3 6. Bxh3 Qxh3 7. c4 e6 8. Nc3 dxc4 9. d5 exd5 10. Qxd5 Qe6 11. Qxe6+ fxe6 12. Nb5 Bd6 13. Nd2 a6 14. Nxd6+ cxd6 15. Nxc4 Ke7 16. Be3 Nf6 17. Rfd1 Rad8 18. Rac1 h6 19. Rd3 Rhe8 20. Bb6 Rd7 21. Rcd1 Nd5 22. e4 Nxb6 23. Nxb6 Rdd8 24. Nc4 Ne5 25. Nxe5 dxe5 26. Rxd8 Rxd8 27. Rxd8 Kxd8 28. Kf1 Ke7 29. Ke2 g6 30. Kd3 Kd6 1/2-1/2

[Event "17th Delhi Open 2019"]
[Site "New Delhi IND"]
[Date "2019.01.12"]
[EventDate "?"]
[Round "5.13"]
[Result "0-1"]
[White "Utkal Ranjan Sahoo"]
[Black "D Gukesh"]
[WhiteElo "2388"]
[BlackElo "2497"]
[PlyCount "100"]

1. d4 Nf6 2. c4 g6 3. Nc3 Bg7 4. Nf3 O-O 5. e4 d6 6. Be2 Na6 7. O-O e5 8. Re1 Qe8 9. Bf1 Bg4 10. d5 Qe7 11. h3 Bd7 12. Bg5 h6 13. Bd2 c5 14. Nh2 Nc7 15. a3 a5 16. a4 Na6 17. Bd3 Nb4 18. Bb1 Nh5 19. Qc1 Nf4 20. Bxf4 exf4 21. Qxf4 Rae8 22. Nf3 b6 23. Qd2 Qf6 24. Kh2 Re7 25. Bd3 g5 26. Re3 h5 27. e5 dxe5 28. Ne4 Qh6 29. Nexg5 f5 30. Bf1 e4 31. Ree1 exf3 32. Rxe7 Qd6+ 33. Kg1 Qxe7 34. Nxf3 Qf6 35. Re1 Bh6 36. Qd1 Re8 37. b3 Re4 38. Nh2 Qe5 39. Nf3 Qc3 40. Rxe4 fxe4 41. Nh4 e3 42. fxe3 Bxe3+ 43. Kh1 Qf6 44. Nf3 Bf4 45. Qe2 Bd6 46. Kg1 Kf8 47. Qe4 Bf5 48. Qe3 Nc2 49. Qf2 Be4 50. Ng5 Bh2+ 0-1

[Event "17th Delhi Open 2019"]
[Site "New Delhi IND"]
[Date "2019.01.13"]
[EventDate "?"]
[Round "7.5"]
[Result "1/2-1/2"]
[White "D Gukesh"]
[Black "NarayananSL"]
[WhiteElo "2497"]
[BlackElo "2575"]
[PlyCount "106"]

1. Nf3 Nf6 2. g3 d6 3. d4 g6 4. b3 Bg7 5. Bb2 c5 6. d5 b5 7. Bg2 O-O 8. O-O Bb7 9. c4 Nbd7 10. Nbd2 Re8 11. Qc2 Qc7 12. e4 b4 13. Rfe1 e6 14. Rad1 a5 15. dxe6 Rxe6 16. Ng5 Re7 17. Nh3 Rae8 18. Nf4 Bh6 19. Nd5 Nxd5 20. cxd5 Bxd5 21. Nc4 Bxc4 22. Qxc4 Bg7 23. Bxg7 Kxg7 24. Qa6 Re6 25. Bh3 Rxe4 26. Rxe4 Rxe4 27. Qxd6 Qxd6 28. Rxd6 Ne5 29. Ra6 c4 30. bxc4 Nxc4 31. Ra7 Re1+ 32. Kg2 Re2 33. Bg4 Re5 34. Bd1 Nd2 35. Rd7 Ne4 36. Ra7 Rf5 37. f3 Nc3 38. Bb3 h5 39. h3 g5 40. g4 hxg4 41. hxg4 Re5 42. Rxf7+ Kg6 43. f4 gxf4 44. Rxf4 Re2+ 45. Rf2 Re3 46. Rf3 Re5 47. a3 Re2+ 48. Kf1 Rb2 49. Bf7+ Kg5 50. axb4 axb4 51. Be6 Rb1+ 52. Kg2 Re1 53. Rf5+ Kg6 1/2-1/2

[Event "17th Delhi Open 2019"]
[Site "New Delhi IND"]
[Date "2019.01.14"]
[EventDate "?"]
[Round "8.4"]
[Result "1/2-1/2"]
[White "Farrukh Amonatov"]
[Black "D Gukesh"]
[WhiteElo "2621"]
[BlackElo "2497"]
[PlyCount "124"]

1. e4 c6 2. d4 d5 3. Nd2 dxe4 4. Nxe4 Nf6 5. Nxf6+ exf6 6. c3 Bd6 7. Bd3 O-O 8. Qc2 Re8+ 9. Ne2 f5 10. Bxf5 Bxf5 11. Qxf5 Nd7 12. Be3 Nb6 13. O-O Nc4 14. Ng3 Bxg3 15. hxg3 Qd5 16. Qxd5 cxd5 17. Bc1 Re2 18. b3 Nd6 19. Bf4 Nb5 20. Rfc1 Rc8 21. Kf1 Re7 22. Re1 Rxe1+ 23. Rxe1 Nxc3 24. a4 b5 25. Rc1 b4 26. Bd2 Kf8 27. Bxc3 bxc3 28. Ke2 Ke7 29. Kd3 Kd6 30. Rxc3 Rb8 31. Kc2 Rb4 32. Rf3 f6 33. Kc3 Rb8 34. g4 a5 35. Rh3 h6 36. Re3 Rh8 37. f4 h5 38. f5 hxg4 39. Re6+ Kc7 40. Ra6 Rh2 41. Rxa5 Rxg2 42. Ra7+ Kb6 43. Rxg7 g3 44. Rg6 Ka5 45. Rxf6 Rf2 46. Rg6 g2 47. Rg8 Rxf5 48. Rxg2 Rf3+ 49. Kc2 Kb4 50. Rg5 Rc3+ 51. Kd2 Rxb3 52. Rxd5 Kc4 53. Kc2 Rc3+ 54. Kb2 Rb3+ 55. Ka2 Rd3 56. Rb5 Rd2+ 57. Ka3 Rd3+ 58. Kb2 Rd2+ 59. Ka3 Rd3+ 60. Ka2 Rd2+ 61. Rb2 Rxb2+ 62. Kxb2 1/2-1/2

[Event "17th Delhi Open 2019"]
[Site "New Delhi IND"]
[Date "2019.01.15"]
[EventDate "?"]
[Round "9.12"]
[Result "1-0"]
[White "D Gukesh"]
[Black "Dinesh K Sharma"]
[WhiteElo "2497"]
[BlackElo "2303"]
[PlyCount "52"]

1. e4 e6 2. d4 d5 3. Nd2 Be7 4. e5 c5 5. c3 Nc6 6. Bd3 cxd4 7. cxd4 Qb6 8. Ndf3 Nh6 9. Ne2 f6 10. exf6 Bxf6 11. O-O Nf7 12. Nf4 Nxd4 13. Nh5 Nxf3+ 14. Qxf3 Be5 15. Be3 Qd8 16. Bc5 Bd7 17. Rfe1 Qc7 18. Rac1 Rc8 19. Qg4 g6 20. Ng7+ Bxg7 21. Rxe6+ Kd8 22. Be7+ Ke8 23. Bd6+ Kd8 24. Bxc7+ Rxc7 25. Rxc7 Kxc7 26. Qf4+ 1-0

[Event "17th Delhi Open 2019"]
[Site "New Delhi IND"]
[Date "2019.01.16"]
[EventDate "?"]
[Round "10.3"]
[Result "1-0"]
[White "Abhijeet Gupta"]
[Black "D Gukesh"]
[WhiteElo "2581"]
[BlackElo "2497"]
[PlyCount "86"]

1. d4 d5 2. c4 c6 3. Nf3 Nf6 4. Nc3 e6 5. Bg5 Nbd7 6. cxd5 exd5 7. e3 Be7 8. Bd3 Ne4 9. Bf4 Ndf6 10. Qc2 O-O 11. O-O Bf5 12. Ne5 g6 13. f3 Nd6 14. g4 Bxd3 15. Nxd3 Re8 16. Rad1 Bf8 17. b3 Rc8 18. Ne2 Nb5 19. Ng3 Nd7 20. g5 Be7 21. h4 c5 22. dxc5 Nxc5 23. Qb2 Ne6 24. Ne5 Nxf4 25. exf4 Bf8 26. a4 Nc7 27. f5 d4 28. Ng4 Bg7 29. Kh1 h5 30. gxh6 Qxh4+ 31. Kg2 Be5 32. h7+ Kg7 33. Nxe5 Nd5 34. f6+ Qxf6 35. Ng4 Ne3+ 36. Nxe3 dxe3 37. Qxf6+ Kxf6 38. Rfe1 Kg7 39. Rd3 f5 40. f4 Rc2+ 41. Re2 Rxe2+ 42. Nxe2 Kxh7 43. Rd7+ 1-0

[Event "Aeroflot Open"]
[Site "Moscow RUS"]
[Date "2019.02.20"]
[EventDate "2019.02.20"]
[Round "1.24"]
[Result "1-0"]
[White "Boris Grachev"]
[Black "D Gukesh"]
[WhiteElo "2626"]
[BlackElo "2508"]
[PlyCount "59"]

1. d4 d5 2. c4 c6 3. Nf3 Nf6 4. e3 e6 5. Bd3 Nbd7 6. O-O Bd6
7. Nbd2 O-O 8. e4 e5 9. cxd5 cxd5 10. Re1 Re8 11. exd5 exd4
12. Ne4 Nxe4 13. Rxe4 Nc5 14. Rxd4 Nxd3 15. Qxd3 Bc5 16. Re4
b6 17. Rxe8+ Qxe8 18. Be3 Bxe3 19. fxe3 Bb7 20. Ng5 g6 21. Qd4
Qe7 22. Ne4 f5 23. Nf6+ Kf7 24. Rc1 Rd8 25. e4 fxe4 26. Rf1
Ba6 27. Rf4 g5 28. Nh5+ Kg6 29. Rf6+ Kxh5 30. g4+ 1-0

[Event "Aeroflot Open"]
[Site "Moscow RUS"]
[Date "2019.02.22"]
[EventDate "2019.02.20"]
[Round "3.50"]
[Result "0-1"]
[White "Robby Kevlishvili"]
[Black "D Gukesh"]
[WhiteElo "2463"]
[BlackElo "2508"]
[PlyCount "94"]

1. e4 c5 2. Nf3 d6 3. d4 cxd4 4. Nxd4 Nf6 5. Nc3 a6 6. Be3
Nbd7 7. Bc4 Qc7 8. Bb3 e6 9. g4 Nc5 10. f3 b5 11. g5 Nfd7
12. Qd2 Nb6 13. a3 Bd7 14. h4 Be7 15. h5 Nc4 16. Bxc4 bxc4
17. Nf5 exf5 18. Nd5 Qd8 19. Qc3 Rg8 20. h6 gxh6 21. O-O-O
Bxg5 22. Bxg5 Qxg5+ 23. f4 Nxe4 24. Rhe1 Qg6 25. Qd4 Kf8
26. Rg1 Ng3 27. Rxg3 Qxg3 28. Nf6 Rg6 29. Nxd7+ Ke7 30. Nb6
Re8 31. Nd5+ Kf8 32. Qh8+ Rg8 33. Qf6 Qg6 34. Qd4 Qe6 35. Kb1
Qe4 36. Qf6 Qe6 37. Qd4 Rc8 38. Nb6 Rc6 39. Nd5 Rc5 40. Nf6
Rg6 41. Nh5 Qe2 42. Qh8+ Ke7 43. Rh1 c3 44. bxc3 Rb5+ 45. Ka1
Qe3 46. Ka2 Qe4 47. Rc1 Qe2 0-1

[Event "Aeroflot Open"]
[Site "Moscow RUS"]
[Date "2019.02.23"]
[EventDate "2019.02.20"]
[Round "4.41"]
[Result "1/2-1/2"]
[White "D Gukesh"]
[Black "Jiner Zhu"]
[WhiteElo "2508"]
[BlackElo "2442"]
[PlyCount "73"]

1. Nf3 Nf6 2. g3 g6 3. Bg2 Bg7 4. O-O O-O 5. d4 d6 6. c4 Nc6
7. Nc3 Bf5 8. Bg5 Ne4 9. Nxe4 Bxe4 10. d5 Bxf3 11. exf3 Nd4
12. Re1 Re8 13. Re4 c5 14. dxc6 Nxc6 15. Qd2 Qb6 16. Rb1 a5
17. Be3 Qc7 18. b3 Rad8 19. Rd1 Nb4 20. f4 e6 21. f5 d5
22. cxd5 Rxd5 23. Qe2 Rxd1+ 24. Qxd1 Rd8 25. Qe2 exf5 26. Rc4
Qd7 27. Bf3 h5 28. Bb6 Re8 29. Rc7 Rxe2 30. Rxd7 Rxa2 31. Rxb7
a4 32. bxa4 Rxa4 33. Kg2 Ra1 34. Bd8 Nd3 35. Bd5 Ne5 36. Bc7
Rd1 37. Bb3 1/2-1/2

[Event "Aeroflot Open"]
[Site "Moscow RUS"]
[Date "2019.02.23"]
[EventDate "2019.02.20"]
[Round "5.41"]
[Result "1-0"]
[White "Alisher Suleymenov"]
[Black "D Gukesh"]
[WhiteElo "2428"]
[BlackElo "2508"]
[PlyCount "109"]

1. d4 Nf6 2. c4 g6 3. Nc3 Bg7 4. e4 d6 5. Be2 O-O 6. Be3 Na6
7. Nf3 c5 8. d5 e6 9. O-O Re8 10. Nd2 Nc7 11. a4 Na6 12. h3
Nb4 13. Qb1 e5 14. Na2 a5 15. Nc3 Rf8 16. f4 exf4 17. Bxf4 Qe7
18. Nb5 Ne8 19. Ra3 Bd7 20. Kh1 Bxb5 21. cxb5 Nxd5 22. exd5
Qxe2 23. Re1 Qh5 24. Nc4 Qh4 25. Qc1 Qd8 26. Rae3 Bf6 27. Qd2
b6 28. R1e2 Bh4 29. Qc3 Ng7 30. Bxd6 Re8 31. Rxe8+ Nxe8
32. Bg3 Bxg3 33. Qxg3 Qf6 34. Rf2 Qd8 35. Qe5 Ra7 36. Re2 Nf6
37. d6 Rd7 38. Kh2 h6 39. Qf4 Kg7 40. Rf2 Nh5 41. Qe5+ Kh7
42. Qd5 f5 43. Kg1 Nf6 44. Qe6 Ne4 45. Rf1 Rg7 46. Qe5 h5
47. Kh2 h4 48. Rd1 Kh6 49. Qf4+ Kh7 50. Ne5 Qf6 51. d7 g5
52. Ng4 Qf7 53. d8=Q gxf4 54. Qxh4+ Kg8 55. Rd8+ 1-0